[Event "POL-chT 2nd League"]
[Site "Jastrzebia Gora"]
[Date "2023.09.10"]
[Round "9.25"]
[White "Grela, Kacper"]
[Black "Grzesik, Gracjan"]
[Result "1/2-1/2"]
[WhiteElo "2355"]
[BlackElo "2149"]
[PlyCount "96"]
[EventDate "2023.09.02"]
[EventType "team-swiss"]
[EventRounds "9"]
[EventCountry "POL"]
[SourceTitle "EXT 2024"]
[Source "ChessBase"]
[SourceDate "2023.10.10"]
[SourceVersion "1"]
[SourceVersionDate "2023.10.10"]
[SourceQuality "1"]
[WhiteTeam "Legnica Miedz"]
[BlackTeam "Koszalin Hetman Politechnika"]
[WhiteTeamCountry "POL"]
[BlackTeamCountry "POL"]

1. e4 c5 2. Nf3 d6 3. c3 Nf6 4. Be2 Bd7 5. Qc2 Qc7 6. 0-0 g6 7. a3 Bg7 8. d3 0-0 9. Nbd2 Rc8 10. Re1 Nc6 11. Rb1 e5 12. b4 cxb4 13. axb4 d5 14. b5 Nd4 15. Nxd4 exd4 16. c4 dxe4 17. dxe4 Be6 18. Bb2 Nd7 19. Nf3 Nb6 20. Rbc1 Bxc4 21. Bxd4 Bxd4 22. Nxd4 Qe5 23. Rcd1 Bxb5 24. Qb1 Bxe2 25. Rxe2 Rd8 26. Red2 Nc4 27. Rd3 Qxe4 28. Qa1 Re8 29. h4 Qe5 30. h5 Qxh5 31. Rh3 Qe5 32. Qc1 Rac8 33. Qh6 Qg7 34. Qh4 Rcd8 35. Rhd3 Nb2 36. Nf5 Rxd3 37. Rxd3 Re1+ 38. Kh2 Qe5+ 39. f4 Qxf5 40. Rd8+ Kg7 41. Qxe1 Qxf4+ 42. Kg1 Nc4 43. Qc3+ Ne5 44. Rd7 Qf6 45. Rxb7 Ng4 46. Qxf6+ Kxf6 47. Rxa7 Ne5 48. Kf2 h5 1/2-1/2

[Event "POL-ch U18"]
[Site "Jastrzebia Gora"]
[Date "2023.??.??"]
[Round "4"]
[White "Grzesik, Gracjan"]
[Black "Biesiadecki, Adam"]
[Result "1/2-1/2"]
[WhiteElo "2149"]
[BlackElo "1761"]
[PlyCount "65"]
[EventDate "2023.03.11"]
[EventType "swiss"]
[EventRounds "9"]
[EventCountry "POL"]
[SourceTitle "CBM 213 Extra"]
[Source "ChessBase"]
[SourceDate "2023.05.31"]
[SourceVersion "1"]
[SourceVersionDate "2023.05.31"]
[SourceQuality "1"]

1. c4 e5 2. Nc3 Nf6 3. Nf3 Nc6 4. g3 Bb4 5. Bg2 0-0 6. 0-0 d6 7. Nd5 Nxd5 8. cxd5 Ne7 9. Qa4 Bc5 10. d4 exd4 11. Nxd4 Nf5 12. Nb3 Bb6 13. Bd2 Re8 14. e4 Ne7 15. Ba5 Bd7 16. Qc4 c5 17. Bd2 Ng6 18. f4 a6 19. a4 Ba7 20. Kh1 b5 21. Qc2 c4 22. Na5 Bb6 23. axb5 axb5 24. b4 cxb3 25. Nxb3 Ra4 26. Bc3 Qc7 27. Qb2 f6 28. h4 Rc4 29. Rfc1 Rc8 30. Bb4 Be3 31. Bd2 Bxd2 32. Qxd2 Bg4 33. Kh2 1/2-1/2

[Event "POL-ch U18"]
[Site "Jastrzebia Gora"]
[Date "2023.??.??"]
[Round "2"]
[White "Grzesik, Gracjan"]
[Black "Smetek, Michal"]
[Result "1-0"]
[WhiteElo "2149"]
[BlackElo "1787"]
[PlyCount "101"]
[EventDate "2023.03.11"]
[EventType "swiss"]
[EventRounds "9"]
[EventCountry "POL"]
[SourceTitle "CBM 213 Extra"]
[Source "ChessBase"]
[SourceDate "2023.05.31"]
[SourceVersion "1"]
[SourceVersionDate "2023.05.31"]
[SourceQuality "1"]

1. e4 c6 2. d4 d5 3. exd5 cxd5 4. Bd3 Nc6 5. c3 g6 6. Bf4 Bg7 7. h3 Nf6 8. Nf3 Bf5 9. Be2 0-0 10. 0-0 a6 11. Nbd2 Ne4 12. Re1 Nxd2 13. Qxd2 Re8 14. Bh6 Be4 15. Nh2 b5 16. Bxg7 Kxg7 17. g4 g5 18. Qxg5+ Kh8 19. Nf1 f6 20. Qh6 Bg6 21. f4 Rg8 22. Ng3 Be4 23. f5 Rg5 24. h4 Rg7 25. Qf4 Qd7 26. Kf2 e5 27. fxe6 Qxe6 28. Bf3 Ne5 29. dxe5 fxe5 30. Rxe4 dxe4 31. Qxe4 Rd8 32. Nf5 Rgd7 33. Re1 Rd2+ 34. Kg3 Re8 35. Qb7 Rg8 36. Qe4 Re8 37. Qb4 Rg8 38. Kh3 h5 39. Qe4 Re8 40. gxh5 Qb6 41. Re2 Rxe2 42. Bxe2 Qf6 43. Bd3 Qe6 44. Qb7 Qf6 45. Be4 Rd8 46. h6 Rg8 47. Qc7 Qe6 48. Qg7+ Rxg7 49. hxg7+ Kh7 50. g8Q+ Kxg8 51. Bd5 1-0

[Event "EU-ch Blitz"]
[Site "Katowice"]
[Date "2022.12.16"]
[Round "16"]
[White "Grzesik, Gracjan"]
[Black "Drazic, Sinisa"]
[Result "0-1"]
[WhiteElo "2148"]
[BlackElo "2372"]
[PlyCount "196"]
[EventDate "2022.12.16"]
[EventType "swiss (blitz)"]
[EventRounds "22"]
[EventCountry "POL"]
[SourceTitle "CBM 211 Extra"]
[Source "ChessBase"]
[SourceDate "2023.01.31"]
[SourceVersion "1"]
[SourceVersionDate "2023.01.31"]
[SourceQuality "1"]

1. c4 e6 2. Nc3 Nf6 3. e4 d6 4. d4 e5 5. Nge2 Be7 6. g3 Bg4 7. Bg2 Nc6 8. f3 exd4 9. Nxd4 Nxd4 10. Qxd4 Be6 11. 0-0 c6 12. Be3 0-0 13. Rad1 Qa5 14. b3 Rfd8 15. Qd2 Qc7 16. Qf2 b6 17. Rc1 Qb7 18. Rfd1 Rac8 19. h3 Nd7 20. f4 f6 21. g4 a6 22. Ne2 Bf7 23. Nd4 Bf8 24. Nf5 Nc5 25. Rd2 a5 26. Rcd1 Qc7 27. h4 g6 28. Ng3 Re8 29. g5 Qe7 30. Bd4 fxg5 31. hxg5 Be6 32. f5 Bf7 33. Bf6 Qc7 34. fxg6 Bxg6 35. Nf5 Nxe4 36. Bxe4 Rxe4 37. Nxd6 Bxd6 38. Rxd6 Rg4+ 39. Kf1 Re8 40. Rd7 Qf4 41. Rg7+ Kf8 42. Qxf4 Rxf4+ 43. Kg2 Rfe4 44. Rf1 Re2+ 45. Kg1 Re1 46. Bc3+ Rxf1+ 47. Kxf1 Re3 48. Bf6 a4 49. Rc7 axb3 50. axb3 c5 51. Rc8+ Kf7 52. Rc7+ Ke8 53. Rc8+ Kd7 54. Rb8 Rxb3 55. Bd8 Kc6 56. Rc8+ Kb7 57. Rc7+ Ka6 58. Rc6 Bd3+ 59. Ke1 Bxc4 60. Rd6 Bd3 61. Kd2 Bg6 62. Kc1 Rb1+ 63. Kd2 Kb7 64. Kc3 b5 65. Rb6+ Kc8 66. Bf6 Kc7 67. Ra6 Rc1+ 68. Kb2 Rc2+ 69. Kb3 Re2 70. Kc3 Re3+ 71. Kb2 b4 72. Ra7+ Kb6 73. Ra8 Kb5 74. Rb8+ Kc4 75. Rc8 Re2+ 76. Kc1 Rf2 77. Be7 Rf5 78. Kb2 Re5 79. Bd6 Rxg5 80. Be7 Re5 81. Bf8 Rd5 82. Kc1 Bf5 83. Rc7 h5 84. Rg7 Bg4 85. Kb2 Rd2+ 86. Kc1 Rd1+ 87. Kc2 Rf1 88. Bd6 Rf2+ 89. Kc1 Kd5 90. Be7 Rf5 91. Rg8 Kc4 92. Kb2 Rf2+ 93. Kc1 Rf1+ 94. Kb2 Re1 95. Bd6 Re2+ 96. Kc1 Kc3 97. Kb1 Re1+ 98. Ka2 Be6# 0-1

[Event "EU-ch Blitz"]
[Site "Katowice"]
[Date "2022.12.16"]
[Round "9"]
[White "Grzesik, Gracjan"]
[Black "Orzech, Dominik"]
[Result "0-1"]
[WhiteElo "2148"]
[BlackElo "2313"]
[PlyCount "92"]
[EventDate "2022.12.16"]
[EventType "swiss (blitz)"]
[EventRounds "22"]
[EventCountry "POL"]
[SourceTitle "CBM 211 Extra"]
[Source "ChessBase"]
[SourceDate "2023.01.31"]
[SourceVersion "1"]
[SourceVersionDate "2023.01.31"]
[SourceQuality "1"]

1. c4 Nf6 2. Nc3 g6 3. g3 Bg7 4. Bg2 0-0 5. d4 c5 6. e3 Nc6 7. Nge2 d6 8. 0-0 Bd7 9. b3 Qc8 10. Re1 Bh3 11. Bh1 Bg4 12. Bb2 a6 13. Rc1 Rd8 14. Qd2 Bh6 15. Nd5 Qf5 16. Nxf6+ exf6 17. a3 Rac8 18. Qc2 Qg5 19. Nf4 Bf5 20. e4 Bd7 21. dxc5 dxc5 22. Nd5 Nd4 23. Bxd4 cxd4 24. Ne7+ Kg7 25. Nxc8 Bxc8 26. Rcd1 Qc5 27. b4 Qc7 28. c5 Be6 29. Rd3 b6 30. Red1 bxc5 31. Qxc5 Qb7 32. Rxd4 Rc8 33. Qd6 Kg8 34. R4d3 Bf8 35. Qd4 a5 36. bxa5 Be7 37. e5 Qa6 38. exf6 Bc5 39. Qd8+ Bf8 40. Qb6 Qc4 41. a6 h5 42. a7 Bc5 43. Qb2 Bxa7 44. Qb7 Qc5 45. Rd8+ Kh7 46. Rxc8 Qxf2# 0-1

[Event "POL-chT 1st League"]
[Site "Sypniewo"]
[Date "2022.09.09"]
[Round "7.7"]
[White "Grzesik, Gracjan"]
[Black "Gralka, Przemyslaw"]
[Result "1-0"]
[WhiteElo "2068"]
[BlackElo "2207"]
[PlyCount "119"]
[EventDate "2022.09.03"]
[EventType "team-swiss"]
[EventRounds "9"]
[EventCountry "POL"]
[SourceTitle "CBM 210 Extra"]
[Source "ChessBase"]
[SourceDate "2022.11.30"]
[SourceVersion "1"]
[SourceVersionDate "2022.11.30"]
[SourceQuality "1"]
[WhiteTeam "Stara Wies Parnas"]
[BlackTeam "Bydgoszcz Hetman"]
[WhiteTeamCountry "POL"]
[BlackTeamCountry "POL"]

1. c4 e5 2. Nc3 Nf6 3. Nf3 Nc6 4. g3 d5 5. cxd5 Nxd5 6. Bg2 Nb6 7. 0-0 Be7 8. a3 0-0 9. b4 Be6 10. Rb1 a6 11. d3 f5 12. Bb2 Qd7 13. Na4 Nxa4 14. Qxa4 Bf6 15. Qc2 Rad8 16. Rfd1 Bd5 17. Nd2 Bxg2 18. Kxg2 Qd5+ 19. Kg1 Rf7 20. Qb3 Nd4 21. Qxd5 Rxd5 22. Bxd4 exd4 23. Kf1 Re7 24. Rb2 Kf7 25. Rc1 Ke8 26. Nb3 Kd8 27. Rbc2 g6 28. h4 Kc8 29. Kg2 Bg7 30. Kf3 Rd6 31. Rc5 c6 32. a4 Ree6 33. b5 b6 34. R5c2 axb5 35. axb5 Kb7 36. Rc4 Be5 37. R1c2 Bf6 38. Rc1 Be5 39. Rb4 Rd5 40. bxc6+ Rxc6 41. Ra1 Kc8 42. Ra8+ Kb7 43. Na5+ Kxa8 44. Nxc6 Kb7 45. Nxe5 Rxe5 46. Rxd4 b5 47. e4 Kc6 48. Ke3 Kc5 49. Rd8 Re6 50. Rc8+ Kb4 51. Rb8 fxe4 52. dxe4 Kc4 53. f4 b4 54. g4 b3 55. f5 gxf5 56. gxf5 Rh6 57. e5 Rxh4 58. f6 Rh3+ 59. Ke4 Rh1 60. f7 1-0

[Event "POL-chT 1st League"]
[Site "Sypniewo"]
[Date "2022.09.07"]
[Round "5.4"]
[White "Grzesik, Gracjan"]
[Black "Szotkowski, Jakub"]
[Result "1/2-1/2"]
[WhiteElo "2068"]
[BlackElo "2342"]
[PlyCount "96"]
[EventDate "2022.09.03"]
[EventType "team-swiss"]
[EventRounds "9"]
[EventCountry "POL"]
[SourceTitle "CBM 210 Extra"]
[Source "ChessBase"]
[SourceDate "2022.11.30"]
[SourceVersion "1"]
[SourceVersionDate "2022.11.30"]
[SourceQuality "1"]
[WhiteTeam "Stara Wies Parnas"]
[BlackTeam "Wroclaw Kopernik"]
[WhiteTeamCountry "POL"]
[BlackTeamCountry "POL"]

1. c4 c6 2. Nc3 d5 3. d4 Nf6 4. cxd5 cxd5 5. Bf4 Nc6 6. e3 a6 7. Bd3 e6 8. Rc1 Bd6 9. Bxd6 Qxd6 10. f4 Bd7 11. Nf3 0-0 12. 0-0 Ne7 13. Ne5 b5 14. g4 b4 15. g5 Ne8 16. Na4 Bb5 17. Nc5 Nf5 18. Bxb5 axb5 19. Qb3 f6 20. gxf6 gxf6 21. Nf3 Kh8 22. Kf2 Qe7 23. Qxb4 Rxa2 24. Ra1 Rxa1 25. Rxa1 Ned6 26. b3 Rg8 27. Qa3 Qf8 28. Rg1 Ne4+ 29. Ke2 Rxg1 30. Nxg1 Qg8 31. Nxe4 dxe4 32. Kd2 Qxg1 33. Qf8+ Qg8 34. Qxf6+ Ng7 35. h4 h5 36. Qe5 Qd8 37. Qxb5 Qxh4 38. Qe2 Qe7 39. Qg2 Qb7 40. Kc3 Qc6+ 41. Kb2 Nf5 42. Qg6 h4 43. Qg5 Qd6 44. Qg4 Qe7 45. Qg2 Qb7 46. Qg6 Qe7 47. Qg2 Nd6 48. Qg6 Nf5 1/2-1/2

[Event "POL-chT 1st League"]
[Site "Sypniewo"]
[Date "2022.09.04"]
[Round "2.4"]
[White "Grzesik, Gracjan"]
[Black "Bartel, Michal"]
[Result "1/2-1/2"]
[WhiteElo "2068"]
[BlackElo "2239"]
[PlyCount "79"]
[EventDate "2022.09.03"]
[EventType "team-swiss"]
[EventRounds "9"]
[EventCountry "POL"]
[SourceTitle "CBM 210 Extra"]
[Source "ChessBase"]
[SourceDate "2022.11.30"]
[SourceVersion "1"]
[SourceVersionDate "2022.11.30"]
[SourceQuality "1"]
[WhiteTeam "Stara Wies Parnas"]
[BlackTeam "Wrzos Miedzyborow"]
[WhiteTeamCountry "POL"]
[BlackTeamCountry "POL"]

1. c4 e5 2. Nc3 Nf6 3. Nf3 Nc6 4. g3 Bb4 5. Bg2 0-0 6. 0-0 Re8 7. d3 Bxc3 8. bxc3 e4 9. Nd4 exd3 10. exd3 h6 11. Re1 Ne5 12. c5 Rb8 13. Bf4 Ng6 14. Qd2 Rxe1+ 15. Rxe1 Nh5 16. Qe2 Nf6 17. Qd2 b6 18. c6 Ba6 19. c4 d5 20. Nb5 Bxb5 21. cxb5 a6 22. a4 axb5 23. axb5 Ra8 24. Be5 Nxe5 25. Rxe5 Ra1+ 26. Re1 Qa8 27. h3 Qa3 28. Rxa1 Qxa1+ 29. Kh2 Qd4 30. Qa2 h5 31. Qa8+ Kh7 32. Qd8 Qe5 33. f4 Qe1 34. Qxc7 h4 35. gxh4 Qxh4 36. Kg1 Qe1+ 37. Kh2 Qh4 38. Kg1 Qe1+ 39. Kh2 Qh4 40. Kg1 1/2-1/2

[Event "POL-chT 1st League"]
[Site "Sypniewo"]
[Date "2022.09.03"]
[Round "1.10"]
[White "Krasiewicz, Robert"]
[Black "Grzesik, Gracjan"]
[Result "0-1"]
[WhiteElo "1942"]
[BlackElo "2068"]
[PlyCount "80"]
[EventDate "2022.09.03"]
[EventType "team-swiss"]
[EventRounds "9"]
[EventCountry "POL"]
[SourceTitle "CBM 210 Extra"]
[Source "ChessBase"]
[SourceDate "2022.11.30"]
[SourceVersion "1"]
[SourceVersionDate "2022.11.30"]
[SourceQuality "1"]
[WhiteTeam "Zielonka Zieloni"]
[BlackTeam "Stara Wies Parnas"]
[WhiteTeamCountry "POL"]
[BlackTeamCountry "POL"]

1. d4 Nf6 2. c4 e6 3. g3 c5 4. d5 exd5 5. cxd5 d6 6. Nc3 g6 7. Bg2 Bg7 8. Nf3 0-0 9. 0-0 Re8 10. Bf4 a6 11. a4 Qc7 12. Nd2 Nh5 13. Be3 Nd7 14. g4 Nhf6 15. h3 Rb8 16. a5 b5 17. axb6 Nxb6 18. Bf4 Nfd7 19. Qc2 Ne5 20. Ra2 f5 21. gxf5 Bxf5 22. e4 Bc8 23. Bg3 Rf8 24. Ne2 g5 25. Nd4 Qf7 26. Bxe5 Bxe5 27. Nc6 Qf4 28. Nf3 Bxh3 29. Nfxe5 Bxg2 30. Kxg2 dxe5 31. Qe2 Rb7 32. Rxa6 Nc4 33. Rb1 Nd2 34. Re1 Nf3 35. Rh1 Nh4+ 36. Kf1 Qc1+ 37. Qe1 Rxf2+ 38. Kxf2 Rxb2+ 39. Kg3 Qf4+ 40. Kh3 Rb3+ 0-1

[Event "Ustron op-B"]
[Site "Ustron"]
[Date "2022.08.13"]
[Round "2"]
[White "Grzesik, Gracjan"]
[Black "Borowik, Wojciech"]
[Result "1/2-1/2"]
[WhiteElo "2137"]
[BlackElo "1854"]
[PlyCount "50"]
[EventDate "2022.08.12"]
[EventType "swiss"]
[EventRounds "9"]
[EventCountry "POL"]
[SourceTitle "CBM 209 Extra"]
[Source "ChessBase"]
[SourceDate "2022.09.30"]
[SourceVersion "1"]
[SourceVersionDate "2022.09.30"]
[SourceQuality "1"]

1. c4 Nf6 2. Nc3 c5 3. Nf3 Nc6 4. d4 cxd4 5. Nxd4 g6 6. e4 Nxd4 7. Qxd4 d6 8. Be2 Bg7 9. Be3 0-0 10. Qd2 Be6 11. 0-0 a5 12. f3 a4 13. Rfc1 Qa5 14. Rab1 Rfc8 15. b3 axb3 16. axb3 Qb4 17. Qc2 Nd7 18. Nb5 Ne5 19. Kf1 Nc6 20. f4 Qa5 21. Bd2 Qb6 22. Bc3 Qe3 23. Bd2 Qb6 24. Bc3 Qe3 25. Bd2 Qb6 1/2-1/2

[Event "POL-ch U18"]
[Site "Sypniewo"]
[Date "2022.03.23"]
[Round "5"]
[White "Grzesik, Gracjan"]
[Black "Malik, Maciej"]
[Result "1-0"]
[WhiteElo "2208"]
[BlackElo "1912"]
[PlyCount "81"]
[EventDate "2022.03.19"]
[EventType "swiss"]
[EventRounds "9"]
[EventCountry "POL"]
[SourceTitle "CBM 207 Extra"]
[Source "ChessBase"]
[SourceDate "2022.05.31"]
[SourceVersion "1"]
[SourceVersionDate "2022.05.31"]
[SourceQuality "1"]

1. c4 Nf6 2. Nc3 g6 3. g3 Bg7 4. Bg2 d6 5. d4 0-0 6. h3 Nc6 7. e3 e5 8. Nge2 Nd7 9. 0-0 Nb6 10. b3 a5 11. a4 Nb4 12. Bb2 c6 13. Na2 Nxa2 14. Rxa2 d5 15. Ba3 Re8 16. dxe5 Bxe5 17. Rd2 Qc7 18. cxd5 Nxd5 19. Bc5 Nc3 20. Nxc3 Bxc3 21. Rd3 Bg7 22. e4 f5 23. Bd6 Qf7 24. e5 Be6 25. f4 Red8 26. Qc2 h6 27. Rfd1 Kh7 28. Qc3 Rg8 29. b4 Bc4 30. Rd4 Bb3 31. R1d3 Bxa4 32. bxa5 Bb5 33. Rd2 Rad8 34. Bc5 Rxd4 35. Qxd4 Qb3 36. Kh2 g5 37. Qd7 Kh8 38. Qxf5 gxf4 39. gxf4 Bf8 40. Bf2 c5 41. Be4 1-0

[Event "EU-ch Rapid"]
[Site "Katowice"]
[Date "2021.12.19"]
[Round "8"]
[White "Grzesik, Gracjan"]
[Black "Kyc, Jerzy"]
[Result "0-1"]
[WhiteElo "2208"]
[BlackElo "2250"]
[PlyCount "124"]
[EventDate "2021.12.18"]
[EventType "swiss (rapid)"]
[EventRounds "11"]
[EventCountry "POL"]
[SourceTitle "CBM 205 Extra"]
[Source "ChessBase"]
[SourceDate "2022.01.31"]
[SourceVersion "1"]
[SourceVersionDate "2022.01.31"]
[SourceQuality "1"]

1. c4 Nf6 2. Nc3 e5 3. Nf3 Nc6 4. g3 Bb4 5. Bg2 0-0 6. 0-0 d6 7. d3 h6 8. Bd2 Be6 9. a3 Bxc3 10. Bxc3 Qd7 11. b4 Bh3 12. Qb3 Bxg2 13. Kxg2 Ne7 14. Rac1 Ng6 15. h3 Rfe8 16. Bb2 c6 17. Rfe1 h5 18. e4 a5 19. c5 axb4 20. axb4 d5 21. exd5 Qxd5 22. Qxd5 Nxd5 23. Nxe5 Nxe5 24. Bxe5 Nxb4 25. Bd6 Nxd3 26. Rxe8+ Rxe8 27. Rc3 Nb4 28. Rb3 Re4 29. Kf3 Rc4 30. g4 h4 31. Be7 f6 32. Bd6 Kf7 33. Kg2 g5 34. Kf3 f5 35. gxf5 Kf6 36. Kg2 Kxf5 37. Rf3+ Kg6 38. Rb3 Kh5 39. Kh2 Na6 40. Rxb7 Nxc5 41. Bxc5 Rxc5 42. Rc7 Rc3 43. Kg2 Kg6 44. Rc8 c5 45. Rg8+ Kf6 46. Rf8+ Kg7 47. Rc8 c4 48. Rc6 Kf7 49. Kh2 Ke7 50. Kg2 Kd7 51. Rc5 Kd6 52. Rxg5 Rd3 53. Rg8 Kc5 54. Rc8+ Kb4 55. f4 c3 56. f5 Rd5 57. Kf3 Rxf5+ 58. Kg4 Rc5 59. Rb8+ Ka3 60. Rb1 Rc4+ 61. Kg5 c2 62. Rc1 Kb2 0-1

[Event "EU-ch Blitz"]
[Site "Katowice"]
[Date "2021.12.17"]
[Round "11"]
[White "Grzesik, Gracjan"]
[Black "Janaszak, Dawid"]
[Result "1-0"]
[WhiteElo "2208"]
[BlackElo "2333"]
[PlyCount "83"]
[EventDate "2021.12.17"]
[EventType "swiss (blitz)"]
[EventRounds "22"]
[EventCountry "POL"]
[SourceTitle "CBM 205 Extra"]
[Source "ChessBase"]
[SourceDate "2022.01.31"]
[SourceVersion "1"]
[SourceVersionDate "2022.01.31"]
[SourceQuality "1"]

1. c4 Nf6 2. Nc3 d5 3. d4 g6 4. cxd5 Nxd5 5. Nf3 Bg7 6. g3 0-0 7. Bg2 c5 8. 0-0 cxd4 9. Nxd4 Nxc3 10. bxc3 Nd7 11. Rb1 Rb8 12. Qb3 a6 13. Ba3 Re8 14. Rfd1 Qa5 15. Bb4 Qc7 16. a4 Ne5 17. a5 Bd7 18. h3 h6 19. e3 Nc6 20. Qa3 Ne5 21. Qb3 Rbc8 22. Rbc1 Nc4 23. Qa2 e5 24. Nb3 Be6 25. Nc5 Nxa5 26. Nxe6 Rxe6 27. Qxa5 b6 28. Qxa6 Kh7 29. Ra1 e4 30. Qa7 Qc4 31. Qxf7 Rc7 32. Qf4 Be5 33. Qxe4 Qe2 34. Qf3 Qc2 35. Rac1 Qb2 36. Rb1 Qc2 37. Qe4 Qe2 38. Qd3 Qa2 39. Ra1 Qb3 40. Rdb1 Qc4 41. Qxc4 Rxc4 42. Bd5 1-0

[Event "EU-ch Blitz"]
[Site "Katowice"]
[Date "2021.12.17"]
[Round "3"]
[White "Grzesik, Gracjan"]
[Black "Nasuta, Grzegorz"]
[Result "0-1"]
[WhiteElo "2208"]
[BlackElo "2521"]
[PlyCount "117"]
[EventDate "2021.12.17"]
[EventType "swiss (blitz)"]
[EventRounds "22"]
[EventCountry "POL"]
[SourceTitle "CBM 205 Extra"]
[Source "ChessBase"]
[SourceDate "2022.01.31"]
[SourceVersion "1"]
[SourceVersionDate "2022.01.31"]
[SourceQuality "1"]

1. c4 e5 2. Nc3 Nf6 3. Nf3 Nc6 4. g3 d5 5. cxd5 Nxd5 6. d3 Be7 7. Bg2 Nb6 8. 0-0 0-0 9. Be3 Re8 10. Rc1 Bf8 11. a3 Nd4 12. Ne4 Bg4 13. Bxd4 exd4 14. Nc5 Bxc5 15. Rxc5 c6 16. h3 Be6 17. b4 Qd6 18. Qa1 Na4 19. Rc2 Bb3 20. Rd2 Rad8 21. Rb1 Be6 22. Rc1 h6 23. Kh2 a6 24. Rdc2 Bb3 25. Rd2 Re7 26. Rb1 Be6 27. Re1 Bf5 28. Rc2 Nc3 29. Nxd4 Qxd4 30. Qxc3 Qxc3 31. Rxc3 Rxd3 32. Rxd3 Bxd3 33. e3 Bc2 34. Rc1 Ba4 35. Rc3 Rd7 36. Be4 Bb5 37. Kg2 Rd1 38. h4 Kf8 39. Bf3 Bf1+ 40. Kh2 Rd2 41. Kg1 Bb5 42. Bg2 Ke7 43. Bf3 g5 44. hxg5 hxg5 45. g4 f6 46. Kg2 Kd6 47. Be4 b6 48. Bf5 c5 49. bxc5+ bxc5 50. Kg3 Rd1 51. f4 c4 52. Rc2 Kc5 53. fxg5 fxg5 54. e4 Kd4 55. Rh2 c3 56. Rc2 Ba4 57. Re2 c2 58. e5 c1Q 59. Re4+ 0-1

[Event "EU-ch Blitz"]
[Site "Katowice"]
[Date "2021.12.17"]
[Round "12"]
[White "Janaszak, Dawid"]
[Black "Grzesik, Gracjan"]
[Result "1-0"]
[WhiteElo "2333"]
[BlackElo "2208"]
[PlyCount "75"]
[EventDate "2021.12.17"]
[EventType "swiss (blitz)"]
[EventRounds "22"]
[EventCountry "POL"]
[SourceTitle "CBM 205 Extra"]
[Source "ChessBase"]
[SourceDate "2022.01.31"]
[SourceVersion "1"]
[SourceVersionDate "2022.01.31"]
[SourceQuality "1"]

1. e4 c5 2. Nc3 Nc6 3. Bb5 Nd4 4. Nf3 e6 5. 0-0 a6 6. Bd3 Nc6 7. b3 d6 8. Re1 Nf6 9. Bc4 b5 10. Bf1 Bb7 11. d4 cxd4 12. Nxd4 Rc8 13. Bb2 Be7 14. Nf3 0-0 15. Qe2 Qb6 16. Rad1 Rfd8 17. a4 b4 18. Nb1 Na5 19. e5 dxe5 20. Nxe5 Nd5 21. Bd4 Qc7 22. Rd2 Bf6 23. g3 Nc3 24. Nxc3 bxc3 25. Rd3 Rxd4 26. Rxd4 Bxe5 27. Qxe5 Qc6 28. Rde4 Nxb3 29. f3 Nd2 30. Bd3 Nxe4 31. Bxe4 Qb6+ 32. Kg2 Bxe4 33. Rxe4 h6 34. Rg4 f6 35. Qxf6 Qc7 36. Qxe6+ Kh8 37. Rd4 Qa5 38. Qxc8+ 1-0

[Event "Lazy IM"]
[Site "Lazy"]
[Date "2021.10.10"]
[Round "9"]
[White "Grzesik, Gracjan"]
[Black "Mischuk, Dmitry"]
[Result "1-0"]
[WhiteElo "2086"]
[BlackElo "2347"]
[PlyCount "59"]
[EventDate "2021.10.04"]
[EventType "tourn"]
[EventRounds "9"]
[EventCountry "POL"]
[EventCategory "2"]
[SourceTitle "CBM 204 Extra"]
[Source "ChessBase"]
[SourceDate "2021.11.30"]
[SourceVersion "1"]
[SourceVersionDate "2021.11.30"]
[SourceQuality "1"]

1. c4 e6 2. Nc3 d5 3. d4 c6 4. e4 dxe4 5. Nxe4 Bb4+ 6. Bd2 Qxd4 7. Bxb4 Qxe4+ 8. Be2 a5 9. Bd6 f6 10. Nf3 Na6 11. 0-0 c5 12. Bd3 Qc6 13. Ne5 fxe5 14. Qh5+ Kd8 15. Qg5+ Ke8 16. Rad1 Qd7 17. Bxe5 Ne7 18. Be4 Nd5 19. cxd5 Qe7 20. Qh5+ Qf7 21. Qh4 Nb4 22. dxe6 Bxe6 23. Rfe1 Kf8 24. Bd6+ Kg8 25. Bxc5 Re8 26. Rd8 Bd7 27. Rxe8+ Bxe8 28. a3 Nc6 29. Bxc6 Bxc6 30. Qd8+ 1-0

[Event "POL-chT 2nd League"]
[Site "Sypniewo"]
[Date "2021.09.09"]
[Round "6.13"]
[White "Budnik, Mateusz"]
[Black "Grzesik, Gracjan"]
[Result "1/2-1/2"]
[WhiteElo "2008"]
[BlackElo "2149"]
[PlyCount "44"]
[EventDate "2021.09.04"]
[EventType "team-swiss"]
[EventRounds "9"]
[EventCountry "POL"]
[SourceTitle "CBM 204 Extra"]
[Source "ChessBase"]
[SourceDate "2021.11.30"]
[SourceVersion "1"]
[SourceVersionDate "2021.11.30"]
[SourceQuality "1"]
[WhiteTeam "Warszawa Zugzwang"]
[BlackTeam "Koszalin Hetman Politechnika"]
[WhiteTeamCountry "POL"]
[BlackTeamCountry "POL"]

1. Nf3 Nf6 2. e3 d5 3. c4 e6 4. Be2 Be7 5. 0-0 0-0 6. d4 b6 7. b3 Bb7 8. Bb2 Nbd7 9. Nbd2 Ne4 10. Rc1 c5 11. cxd5 Bxd5 12. Nxe4 Bxe4 13. dxc5 Nxc5 14. Qxd8 Rfxd8 15. Bd4 Rac8 16. Rfd1 Bb7 17. h3 h6 18. Rc2 Ne4 19. Rdc1 Rxc2 20. Rxc2 Rc8 21. Rxc8+ Bxc8 22. Ne5 Bb7 1/2-1/2